000 00796nam a22002537a 4500
008 160330b xxu||||| |||| 00| 0 eng d
020 _a978-0-415-64080-0
082 _22014
_aDC 364
_bC23
100 _94527
_aCarrabine, Eamonn.
245 _aCriminology:
_ba sociological introduction/
_cEamonn Carrabibe [and 6 others]
250 _aThird edition.
260 _aLondon:
_bRoutledge,
_cc2014.
300 _axxvii, 587 pages:
_billustrations;
_c25 cm.
500 _aIncludes index.
650 0 _94534
_aCriminology.
650 0 _94535
_aCrime
_xSociological aspects.
700 _94528
_aCox, Pam.
700 _94529
_aFussey, Pete.
700 _94530
_aHobbs, Dick.
700 _94531
_aSouth, Nigel.
700 _94532
_aThiel, Darren.
700 _94533
_aTurton, Jackie.
942 _2ddc
_cDC
999 _c1485
_d1485